Normal view MARC view
  • Idrees ,Muhammad Saad

Entry Personal Name

Number of records used in: 1

001 - CONTROL NUMBER

  • control field: 122255

003 - CONTROL NUMBER IDENTIFIER

  • control field: NUST

005 - DATE AND TIME OF LATEST TRANSACTION

  • control field: 20240401145150.0

008 - FIXED-LENGTH DATA ELEMENTS

  • fixed length control field: 240401|| aca||aabn | a|a d

040 ## - CATALOGING SOURCE

  • Original cataloging agency: NUST
  • Transcribing agency: NUST

100 ## - HEADING--PERSONAL NAME

  • Personal name: Idrees ,Muhammad Saad

670 ## - SOURCE DATA FOUND

  • Source citation: Work cat.: (NUST): Idrees ,Muhammad Saad, Energy Harvesting by Using Piezoelectric Flag behind CCylinders in Side by Side Arrangement /
© 2023 Central Library, National University of Sciences and Technology. All Rights Reserved.